The art of tabla rhythm: essentials, tradition and creativity (Record no. 26257)

MARC details
000 -LEADER
fixed length control field 00548nam a2200181Ia 4500
005 - DATE AND TIME OF LATEST TRANSACTION
control field 20251015145405.0
008 - FIXED-LENGTH DATA ELEMENTS--GENERAL INFORMATION
fixed length control field 231207s9999 xx 000 0 und d
020 ## - INTERNATIONAL STANDARD BOOK NUMBER
International Standard Book Number 9788124603680
040 ## - CATALOGING SOURCE
Transcribing agency PK-LaNCA
082 ## - DEWEY DECIMAL CLASSIFICATION NUMBER
Classification number 786.93
Item number SAX
100 ## - MAIN ENTRY--PERSONAL NAME
Author Name Saxena, Sudhir Kumar
245 #4 - TITLE STATEMENT
Title The art of tabla rhythm: essentials, tradition and creativity
Statement of responsibility, etc. Sudhir Kumar Saxena
260 ## - PUBLICATION, DISTRIBUTION, ETC.
Name of publisher, distributor, etc. D.K. Printworld
Place of publication, distribution, etc. New Delhi
Date of publication, distribution, etc. 2006
300 ## - PHYSICAL DESCRIPTION
Pages xv, 184p
546 ## - LANGUAGE NOTE
Language note English
650 ## - SUBJECT ADDED ENTRY--TOPICAL TERM
Subject Tabla--Methods. Musical meter and rhythm--India. Music.
942 ## - ADDED ENTRY ELEMENTS (KOHA)
Koha item type Musicology
999 ## -
-- 26257
-- 26257
Holdings
Withdrawn status Weedout from Library Permanent Location Current Location Shelving location Date acquired Full call number Barcode Price effective from Koha item type
    NATIONAL COLLEGE OF ARTS, LAHORE - LIBRARY NATIONAL COLLEGE OF ARTS, LAHORE - LIBRARY Musicology Section Basement of Library 08/12/2023 MUS 786.93 SAX 30659 30659 08/12/2023 Musicology